000 00532nam a22001817a 4500
999 _c169493
_d169493
005 20191121151833.0
010 _aENG-126968
020 _a9788194318019
_c199.00
035 _aEN-110500
037 _bDBAD/PUB
082 _aS
100 _aBetab, Phalak
245 _aStranger stories :
_cby Phalak Betab
_bhope it helps someone /
260 _a Delhi
_bOrangebooks Publications
_c2019
270 _aVishvidyalaya Marg, Civil Lines, Delhi NCR
_bNew Delhi
_e110054
300 _aviii;51p.
_c21cm(pbk)
942 _2ddc
_cEN
_hS
_mBET